Jack Reacher novels - Statistics

General Stats
  • This quiz has been taken 27 times
  • The average score is 12 of 29
Answer Stats
Answer % Correct
Killing Floor
72%
Tripwire
72%
Bad Luck and Trouble
64%
The Visitor
64%
One Shot
60%
Persuader
60%
61 Hours
56%
Die Trying
56%
Blue Moon
52%
Echo Burning
52%
Never Go Back
52%
The Affair
52%
Night School
44%
The Sentinel
44%
Without Fail
40%
Past Tense
36%
Personal
36%
The Enemy
36%
The Hard Way
36%
Worth Dying For
36%
No Plan B
32%
The Midnight Line
32%
The Secret
32%
Better Off Dead
24%
Nothing to Lose
24%
A Wanted Man
20%
Gone Tomorrow
20%
In Too Deep
20%
Make Me
16%
No matching quizzes found
Score Distribution
Percent of People with Each Score
Percentile by Number Answered
Your Score History
You have not taken this quiz